000 00490nam a2200181Ia 4500
008 151202s9999||||xx |||||||||||||| ||und||
082 _bPNVM-58229
100 _aकदम बाबा
245 _aघायाळ.
260 _b"शशीदीप प्रकाशन,पुणे."
260 _c1989
300 _a332
600 _aकदम बाबा
630 _aघायाळ.
700 _aकदम बाबा
730 _aघायाळ.
942 _cBOOK
999 _c1324764
_d1324761